Radiohead Lyrics: Karma Police - Statistics

General Stats
  • This quiz has been taken 3 times
  • The average score is 139 of 142
Answer Stats
Answer % Correct
a
100%
all
100%
and
100%
arrest
100%
but
100%
buzzes
100%
can
100%
crashed
100%
enough,
100%
feel
100%
for
100%
get
100%
girl
100%
given
100%
hairdo
100%
have
100%
he
100%
her
100%
he's
100%
hitler
100%
i
100%
ill
100%
in
100%
is
100%
it's
100%
i've
100%
karma
100%
like
100%
lost
100%
making
100%
man
100%
maths,
100%
me
100%
mess
100%
minute
100%
myself,
100%
myself
100%
not
100%
on
100%
party
100%
payroll
100%
police,
100%
radio
100%
still
100%
talks
100%
the
100%
there
100%
this
100%
us
100%
we
100%
we're
100%
what
100%
when
100%
with
100%
you
100%
detuned
50%
fridge
50%
phew,
50%
oh,
0%
No matching quizzes found
Score Distribution
Percent of People with Each Score
Percentile by Number Answered
Your Score History
You have not taken this quiz